Tesoro de los prosadores españoles desde la formación del romance castellano hasta fines del siglo /
Guardado en:
| Autor Principal: | |
|---|---|
| Formato: | Libro |
| Publicado: |
París :
Librer¡a Europea,
1841
|
| Materias: | |
| Etiquetas: |
Agregar Etiqueta
Sin Etiquetas, Sea el primero en etiquetar este registro!
|
| LEADER | 00541nam a22001695a 4500 | ||
|---|---|---|---|
| 001 | CEM.cems004733 | ||
| 005 | 20060217000000.0 | ||
| 008 | 130507s1841##################000#0#####d | ||
| 003 | CEMS | ||
| 082 | 0 | 4 | |a 868 |
| 100 | 1 | |a Ochoa, Eugenio De Recop | |
| 245 | 1 | 0 | |a Tesoro de los prosadores españoles desde la formación del romance castellano hasta fines del siglo / |
| 260 | |a París : |b Librer¡a Europea, |c 1841 | ||
| 300 | |a 584 p. | ||
| 653 | |a Antología española | ||
| 653 | |a Literatura | ||
| 859 | |a CEMS |b BIB. CEMS - 11 de abril |h 868 |i T284 |p 6525.78 |t Ej.1 | ||
